| 000 | 00569nam a2200229Ia 4500 | ||
|---|---|---|---|
| 005 | 20250425161728.0 | ||
| 008 | 250425s9999 xx 000 0 und d | ||
| 020 | _a958600449x | ||
| 041 | _aspa | ||
| 082 | _a658.81 | ||
| 245 | 0 | _aADMINISTRACION DE VENTAS: CONCEPTOS, PRACTICAS Y CASOS | |
| 250 | _a2A ED. | ||
| 260 | _aBOGOTA | ||
| 260 |
_aColombia _bMCGRAW HILL _c1996 |
||
| 300 | _a784 | ||
| 650 | _aADMINISTRACION DE VENTAS | ||
| 650 | _aANALISIS DE COSTOS | ||
| 650 | _aPLANEACION ESTRATEGICA | ||
| 650 | _aVENTAS | ||
| 942 | _c01 | ||
| 010 | _a26787 | ||
| 999 |
_c214908 _d214908 |
||